ARRUPE JESUIT UNIVERSITY

CORONAVIRUS -STOP THE SPREAD - CLEAN,DISINFECT,COVER

Informal mining and family vulnerability in Kenya, Zambia and Zimbabwe : (Record no. 125788)

MARC details
000 -LEADER
fixed length control field 00831cam a22002535i 4500
001 - CONTROL NUMBER
control field 19368378
003 - CONTROL NUMBER IDENTIFIER
control field ARRUPE
005 - DATE AND TIME OF LATEST TRANSACTION
control field 20161128153550.0
008 - FIXED-LENGTH DATA ELEMENTS--GENERAL INFORMATION
fixed length control field 161109s2016 rh a b 000 0 eng
010 ## - LIBRARY OF CONGRESS CONTROL NUMBER
LC control number 2015334642
020 ## - INTERNATIONAL STANDARD BOOK NUMBER
International Standard Book Number 9789966096388
040 ## - CATALOGING SOURCE
Original cataloging agency DLC
Language of cataloging eng
Transcribing agency DLC
Description conventions rda
042 ## - AUTHENTICATION CODE
Authentication code lcode
050 ## - LIBRARY OF CONGRESS CALL NUMBER
Classification number HD8039.M6I43
300 ## - PHYSICAL DESCRIPTION
Dimensions 21 cm
100 1# - MAIN ENTRY--PERSONAL NAME
Personal name Opongo, Elias O.
9 (RLIN) 27640
245 10 - TITLE STATEMENT
Title Informal mining and family vulnerability in Kenya, Zambia and Zimbabwe :
Remainder of title advocacy for human dignity and integrity of creation /
Statement of responsibility, etc Elias O. Opongo, SJ (Ed.).
260 ## - PUBLICATION, DISTRIBUTION, ETC. (IMPRINT)
Place of publication, distribution, etc Harare
Name of publisher, distributor, etc Arrupe College
Date of publication, distribution, etc 2016
300 ## - PHYSICAL DESCRIPTION
Extent 94 p.;
650 ## - SUBJECT ADDED ENTRY--TOPICAL TERM
Topical term or geographic name as entry element Mining, Informal
Geographic subdivision Africa
9 (RLIN) 27641
650 ## - SUBJECT ADDED ENTRY--TOPICAL TERM
Topical term or geographic name as entry element Miners
General subdivision Social aspects
9 (RLIN) 27642
906 ## - LOCAL DATA ELEMENT F, LDF (RLIN)
a 0
b ibc
c origode
d 3
e ncip
f 20
g y-gencatlg
942 ## - ADDED ENTRY ELEMENTS (KOHA)
Source of classification or shelving scheme Library of Congress Classification
Koha item type Monograph ( Printed materials)
Holdings
Withdrawn status Lost status Source of classification or shelving scheme Damaged status Not for loan Collection code Home library Current library Shelving location Date acquired Total Checkouts Full call number Barcode Date last seen Price effective from Koha item type
    Library of Congress Classification     Main Collection ARRUPE LIBRARY ARRUPE LIBRARY Main Collection 28/11/2016   HD8039.M6I43 46500010734 08/05/2018 28/11/2016 Monograph ( Printed materials)

 

Arrupe Library. PO Box MP320 Mt Pleasant, Harare, Zimbabwe
263 242 745411|librarian@aju.ac.zw